Southville International School and Colleges
Your cart is empty.
  • Cart
  • Lists
    Public lists Eva Luna New books Lux_list list_1
    Your lists Log in to create your own lists
  • Log in to your account
  • Your cookies
  • Search history
Southville International School and Colleges
  • Advanced search
  • Recent comments
  • Most popular
  • Libraries

Log in to your account

Log in with GOOGLE


If you do not have an external account, but do have a local account, you can still log in:

  1. Home
  2. MARC view: Oxford dictionary of current English /
Normal view MARC view ISBD view

Oxford dictionary of current English / (Record no. 363401)

[ view plain ]
MARC details
000 -LEADER
fixed length control field 00499nam a2200181Ia 4500
008 - FIXED-LENGTH DATA ELEMENTS--GENERAL INFORMATION
fixed length control field 200601s9999 xx 000 0 und d
020 ## - INTERNATIONAL STANDARD BOOK NUMBER
International Standard Book Number 978-0-19-861437-1
050 ## - LIBRARY OF CONGRESS CALL NUMBER
Classification number REF PE 1628
050 ## - LIBRARY OF CONGRESS CALL NUMBER
Item number .O94 2006
245 #0 - TITLE STATEMENT
Title Oxford dictionary of current English /
245 #0 - TITLE STATEMENT
Statement of responsibility, etc edited by Catherine Soanes with Sara Hawker and Julia Elliott.
250 ## - EDITION STATEMENT
Edition statement 4th Edition
260 ## - PUBLICATION, DISTRIBUTION, ETC. (IMPRINT)
Place of publication, distribution, etc Oxford :
260 ## - PUBLICATION, DISTRIBUTION, ETC. (IMPRINT)
Name of publisher, distributor, etc Oxford University Press.
260 ## - PUBLICATION, DISTRIBUTION, ETC. (IMPRINT)
Date of publication, distribution, etc 2006
300 ## - PHYSICAL DESCRIPTION
Extent 1081 pages :
300 ## - PHYSICAL DESCRIPTION
Dimensions 18 cm.
Holdings
Withdrawn status Lost status Damaged status Home library Current library Shelving location Date acquired Total Checkouts Full call number Barcode Date last seen Price effective from Koha item type
      South Mansfield College South Mansfield College Reference Section 01/18/2007   REF PE 1628 .O94 2006 SMC03642 06/01/2020 06/01/2020 Books

Oxford dictionary of current English /

APA

Oxford dictionary of current English. Oxford: .

Chicago

Oxford dictionary of current English. Oxford: .

Harvard

Oxford dictionary of current English. Oxford: .

MLA

Oxford: . .

  • Place hold
  • Print
  • Cite
  • Add to your cart (remove)
  • Save record
    BIBTEX Dublin Core MARCXML MARC (non-Unicode/MARC-8) MARC (Unicode/UTF-8) MARC (Unicode/UTF-8, Standard) MODS (XML) RIS
  • More searches
    Search for this title in:
    Other Libraries (WorldCat) Other Databases (Google Scholar) Online Stores (Bookfinder.com) Open Library (openlibrary.org)

Exporting to Dublin Core...

SOUTHVILLE LIBRARY

Southville International School and Colleges Library

1281 Tropical Ave. Cor. Luxembourg St., BF Homes International, Las Pinas City

Tel. No. 8256374 / 252358 Loc. 117/146

Powered by Koha